Tố Hữu : Về tác gia và tác phẩm
Giới thiệu về tiểu sử và tác phẩm thơ Tố Hữu. Các bài nghiên cứu, phê bình về Tố Hữu của các nhà nghiên cứu, phê bình trong và ngoài nước.
Gespeichert in:
| 1. Verfasser: | |
|---|---|
| Format: | Buch |
| Sprache: | Undetermined |
| Veröffentlicht: |
Hà Nội
Giáo Dục
1999
|
| Schlagworte: | |
| Tags: |
Tag hinzufügen
Keine Tags, Fügen Sie den ersten Tag hinzu!
|
| Thư viện lưu trữ: | Trung tâm Học liệu Trường Đại học Cần Thơ |
|---|
| LEADER | 00969nam a2200241Ia 4500 | ||
|---|---|---|---|
| 001 | CTU_31129 | ||
| 008 | 210402s9999 xx 000 0 und d | ||
| 020 | |b 67.000đ | ||
| 020 | |c 67000 | ||
| 082 | |a 809 | ||
| 082 | |b T450 | ||
| 100 | |a Tố Hữu | ||
| 245 | 0 | |a Tố Hữu : | |
| 245 | 0 | |b Về tác gia và tác phẩm | |
| 245 | 0 | |c Tố Hữu ; Phong Lan, Mai Hương (tuyển chọn và giới thiệu) | |
| 260 | |a Hà Nội | ||
| 260 | |b Giáo Dục | ||
| 260 | |c 1999 | ||
| 520 | |a Giới thiệu về tiểu sử và tác phẩm thơ Tố Hữu. Các bài nghiên cứu, phê bình về Tố Hữu của các nhà nghiên cứu, phê bình trong và ngoài nước. | ||
| 650 | |a Vietnamese literature,Vietnamese literature | ||
| 650 | |x 20th century,History and criticism | ||
| 904 | |i Minh, Q. Hiếu (sửa) | ||
| 980 | |a Trung tâm Học liệu Trường Đại học Cần Thơ | ||